000 00586nam a2200205Ia 4500
005 20250923144834.0
008 008 250917s9999 xx 000 0 eng d
037 _aTextual
040 _aDSWL
_beng
_cDSWL
041 _aeng
_2eng
084 _aA:Yu5.L1, H9
_qDSWL
100 _aClark, G.N.
_9828949
245 0 _aScience and social welfare in the age of Newton
_cby G.N. Clark
260 _aOxford
_bOxfordat the Clarendon
_c1949
300 _a159p.
365 _aINR
_b15
925 _g15
942 _cTEXL
_hA:Yu5.L1, H9
999 _c1444000
_d1444000